Biología celular y molecular

Uloženo v:
Podrobná bibliografie
Hlavní autor: Lodish, Harvey (autor)
Další autoři: Berk, Arnold, Zipursky, S. Lawrence, Matsudaira, Paul, Baltimore, David, Darnell, James
Médium: Kniha
Jazyk:španělština
Vydáno: Buenos Aires Médica Panamericana 2005
Vydání:Quinta edición
Témata:
Tagy: Přidat tag
Žádné tagy, Buďte první, kdo vytvoří štítek k tomuto záznamu!

MARC

LEADER 00000cam a2200000 a 4500
001 UCJ0195
003 CL-VaPUC
005 20210715001451.0
008 060707e20050000AG |||||||||||||||||spa|d
999 |c 317121  |d 317119 
020 |a 9500613743 
040 |c Pontificia Universidad Católica de Valparaíso 
082 0 4 |a 571.6 LOD 2005  |2 21 
100 |a Lodish, Harvey  |e autor  |9 600697 
245 1 0 |a Biología celular y molecular 
250 |a Quinta edición 
260 |a Buenos Aires  |b Médica Panamericana  |c 2005 
300 |a 973 páginas 
583 |a last modification  |c 20140506 03:00:16  |k Rodrigo Vera 
650 0 |a Biología molecular  |9 269677 
650 0 |a Citogenética  |9 269678 
650 0 |a Moléculas   |9 259584 
650 0 |a Células   |9 269548 
650 0 |a Genética  |9 259443 
700 0 |a Berk, Arnold  |9 500250 
700 0 |a Zipursky, S. Lawrence  |9 500251 
700 0 |a Matsudaira, Paul  |9 500252 
700 0 |a Baltimore, David  |9 500253 
700 0 |a Darnell, James  |9 500254 
942 |c BK  |2 ddc 
945 |d 20060707 00:00:00  |a jtorresc 
952 |0 0  |1 0  |2 ddc  |4 0  |6 571_600000000000000_LOD_2005  |7 0  |8 A  |9 392891  |a BIBCUR  |b BIBCUR  |d 2019-11-22  |i 424737K  |l 2  |o 571.6 LOD 2005  |p 424737K  |r 2025-04-22  |s 2022-05-26  |t 1  |w 2019-11-22  |y BK  |k BIO 
952 |0 0  |1 0  |2 ddc  |4 0  |6 571_600000000000000_LOD_2005  |7 0  |8 A  |9 392892  |a BIBCUR  |b BIBCUR  |d 2019-11-22  |i 4247388  |l 4  |o 571.6 LOD 2005  |p 4247388  |r 2025-04-22  |s 2022-07-05  |t 2  |w 2019-11-22  |y BK  |k BIO 
952 |0 0  |1 0  |2 ddc  |4 0  |6 571_600000000000000_LOD_2005  |7 0  |8 A  |9 392893  |a BIBCUR  |b BIBCUR  |d 2019-11-22  |i 4723961  |l 12  |m 2  |o 571.6 LOD 2005  |p 4723961  |r 2025-04-22  |s 2025-04-04  |t 3  |w 2019-11-22  |y BK  |k BIO 
952 |0 0  |1 0  |2 ddc  |3 erd  |4 0  |6 571_600000000000000_LOD_2005  |7 0  |8 R  |9 392894  |a BIBAGR  |b BIBAGR  |i 5073278  |l 1  |o 571.6 LOD 2005  |p 5073278  |r 2025-01-20  |s 2024-07-09  |t 4  |w 2019-11-22  |y BK_R  |z Catalogado en:20140508  |k AGR 
952 |0 0  |1 0  |2 ddc  |3 erd  |4 0  |6 571_600000000000000_LOD_2005  |7 0  |8 R  |9 392895  |a BIBAGR  |b BIBAGR  |i 5073286  |o 571.6 LOD 2005  |p 5073286  |r 2025-01-20  |t 5  |w 2019-11-22  |y BK_R  |z Catalogado en:20140508  |k AGR 
952 |0 0  |1 0  |2 ddc  |3 erd  |4 0  |6 571_600000000000000_LOD_2005  |7 0  |8 R  |9 392896  |a BIBAGR  |b BIBAGR  |i 5073294  |o 571.6 LOD 2005  |p 5073294  |r 2025-01-20  |t 6  |w 2019-11-22  |y BK_R  |z Catalogado en:20140508  |k AGR 
952 |0 0  |1 0  |2 ddc  |3 erd  |4 0  |6 571_600000000000000_LOD_2005  |7 0  |8 R  |9 392897  |a BIBAGR  |b BIBAGR  |i 5073308  |o 571.6 LOD 2005  |p 5073308  |r 2025-01-20  |t 7  |w 2019-11-22  |y BK_R  |z Catalogado en:20140508  |k AGR 
952 |0 0  |1 0  |2 ddc  |3 erd  |4 0  |6 571_600000000000000_LOD_2005  |7 0  |8 R  |9 392898  |a BIBAGR  |b BIBAGR  |i 5073316  |l 1  |o 571.6 LOD 2005  |p 5073316  |r 2025-01-20  |s 2023-08-08  |t 8  |w 2019-11-22  |y BK_R  |z Catalogado en:20140508  |k AGR 
952 |0 0  |1 0  |2 ddc  |3 erd  |4 0  |6 571_600000000000000_LOD_2005  |7 0  |8 R  |9 392899  |a BIBAGR  |b BIBAGR  |i 5073324  |o 571.6 LOD 2005  |p 5073324  |r 2025-01-20  |t 9  |w 2019-11-22  |y BK_R  |z Catalogado en:20140508  |k AGR 
952 |0 0  |1 0  |2 ddc  |3 erd  |4 0  |6 571_600000000000000_LOD_2005  |7 0  |8 R  |9 392900  |a BIBAGR  |b BIBAGR  |i 5073049  |o 571.6 LOD 2005  |p 5073049  |r 2025-01-20  |t 10  |w 2019-11-22  |y BK_R  |z Catalogado en:20140508  |k AGR 
952 |0 0  |1 0  |2 ddc  |3 erd  |4 0  |6 571_600000000000000_LOD_2005  |7 0  |8 R  |9 392901  |a BIBAGR  |b BIBAGR  |i 5073057  |o 571.6 LOD 2005  |p 5073057  |r 2025-01-20  |t 11  |w 2019-11-22  |y BK_R  |z Catalogado en:20140508  |k AGR 
952 |0 0  |1 0  |2 ddc  |3 erd  |4 0  |6 571_600000000000000_LOD_2005  |7 0  |8 R  |9 392902  |a BIBAGR  |b BIBAGR  |i 5073065  |o 571.6 LOD 2005  |p 5073065  |r 2025-01-20  |t 12  |w 2019-11-22  |y BK_R  |z Catalogado en:20140508  |k AGR 
952 |0 0  |1 0  |2 ddc  |3 erd  |4 0  |6 571_600000000000000_LOD_2005  |7 0  |8 R  |9 392903  |a BIBAGR  |b BIBAGR  |i 5073073  |o 571.6 LOD 2005  |p 5073073  |r 2025-01-20  |t 13  |w 2019-11-22  |y BK_R  |z Catalogado en:20140508  |k AGR